Roman Numerals to Numbers - Statistics

General Stats
  • This quiz has been taken 187 times
  • The average score is 31 of 35
Answer Stats
Hint Answer % Correct
II 2
95%
V 5
95%
VII 7
95%
VIII 8
95%
I 1
94%
X 10
92%
C 100
92%
XXI 21
92%
CCXXX 230
92%
IV 4
92%
VI 6
92%
DCCCXXXII 832
91%
IX 9
91%
CI 101
90%
MCCXXXIV 1,234
90%
MMXCVIII 2,098
90%
L 50
90%
LXXVI 76
90%
MCXI 1,111
89%
MMMCMXCIX 3,999
89%
XLII 42
89%
DCCLXXVII 777
89%
M 1,000
88%
MMMDCCCLXXXVIII 3,888
88%
XL 40
87%
CDXX 420
87%
LXXXIX 89
87%
CMXCIX 999
87%
CXXIV 124
86%
DCCC 800
86%
XCIV 94
86%
XC 90
85%
CD 400
83%
CM 900
83%
D 500
78%
No matching quizzes found
Score Distribution
Percent of People with Each Score
Percentile by Number Answered
Your Score History
You have not taken this quiz